Loading...

Bhakthi Manjari : Lalthavum Vyakghanathodukodi /

Bibliographic Details
Main Author: Swathi Thirunal
Language:Undetermined
Published: 1972.
LEADER 00563nam a2200133Ia 4500
001 32446
008 170722s9999 xx 000 0 und d
100 |a Swathi Thirunal 
245 |a Bhakthi Manjari :  |b  Lalthavum Vyakghanathodukodi / 
260 |c 1972. 
942 |c GEN 
999 |c 85721  |d 85721 
952 |0 0  |1 0  |4 0  |6 NR_21XM13_32L2KRL21K  |7 0  |9 120031  |a LIB  |b LIB  |d 2017-08-12  |o NR21xM13 32L2(KR)-L2;1(K)  |p 150486  |r 2017-08-12  |w 2017-08-12  |y GEN 
952 |0 0  |1 0  |4 0  |6 NR_21XM13_32L2KRL21K  |7 0  |8 LC1  |9 120032  |a LIB  |b LIB  |d 2017-08-12  |h LC1  |o NR21xM13 32L2(KR)-L2;1(K)  |p 150487  |r 2017-08-12  |w 2017-08-12  |y GEN